| 000 | 01322cab a2200229 4500 | ||
|---|---|---|---|
| 001 | ABS37400 | ||
| 008 | 090401t1987 xxu||||| |||| 00| 0 eng d | ||
| 035 | _a(Sirsi) u4144 | ||
| 041 | _aeng | ||
| 100 | _aKleinman, M. | ||
| 245 | _aLocal variations in the sale of council houses in England, 1979-1984 | ||
| 260 | _c1987 | ||
| 350 | _a0 | ||
| 490 |
_aRegional Studies _v21 (1) January 1987, 1-11 (11) |
||
| 520 | _aThe `received view` about council house sales suggests that spatial variations in the level of sales will be very closely linked to variations in household and dwelling characteristics and to the political control of the local authority. In this paper, an assessment is made, using correlation and regression analyses,of the adequacy of the received view in explaining observed variations in sale rates between English local authority districts. Results suggest that greater importance should be given to the influence of local private housing market factors. Finally, the implications of these findings both for government housing policy and for theories about the residualisation of council housing are discussed. (Journal Abstract) | ||
| 650 | _aOWNER-OCCUPATION | ||
| 650 | _aRIGHT TO BUY | ||
| 690 |
_aBlock management _96220 |
||
| 700 | _aWhitehead, C. | ||
| 942 | _n0 | ||
| 948 | _c04/03/1997 | ||
| 999 |
_c2479 _d2479 |
||